Las obligaciones negociables (Registro nro. 18060)

Detalles MARC
000 -LEADER
fixed length control field 00381 a2200133 4500
001 - CONTROL NUMBER
control field ART_12827
005 - DATE AND TIME OF LATEST TRANSACTION
control field 20260410161733.0
008 - FIXED-LENGTH DATA ELEMENTS--GENERAL INFORMATION
fixed length control field 260409a
100 1# - MAIN ENTRY--PERSONAL NAME
Personal name Alegría, Héctor
245 10 - TITLE STATEMENT
Title Las obligaciones negociables
700 1# - ADDED ENTRY--PERSONAL NAME
Personal name Berardi, Jorge
700 1# - ADDED ENTRY--PERSONAL NAME
Personal name García, Fernando
773 0# - HOST ITEM ENTRY
Title Ejecutivos de finanzas
Related parts - Año 6, Nº 49 (sep. 1988)
Record control number REV2863

No hay ítems disponibles.